000 00711nam a22002297a 4500
005 20170124105929.0
010 _aA-351855
020 _a195622065
_c00.00
035 _aA-351855
037 _bCen Lib/Ret
040 _aDPL
_bEN
082 _a322.42
_bRAY
100 _aRay, Rabindra
_97793
245 _aThe naxalites and their ideology /
_cby Rabindra Ray
260 _aDelhi
_bOxford University Press
_c1988
270 _aYMCA Library Building, Jai Singh Road
_bDelhi
_e110001
300 _avi,251p.
_c22cm(Hb)
500 _aIncludes bibliographical references and index
650 _aNaxalite movement
_94220
650 _aPolitical science
_987737
942 _2ddc
_cEN
_h322.42
_mRAY
999 _c123717
_d123717